• 首页
  • 本馆介绍
  • 公告通知
  • 最新文献
  • 馆藏检索
  • 电子资源
  • 读者导购
  • 参考咨询
  • 我的图书馆
  • 登录
  • 详细信息显示
  • 放入我的书架
  • 预约/预借图书
  • 作者相关作品
  • 分类相关作品
  • 丛书相关作品
  • 出版社相关作品

书目信息

  • 表格格式
  • 工作单格式
  • 卡片格式
题名:
中国舞蹈名作赏析
    
 
作者: 田静 主编
分册:  
出版信息: 北京   人民音乐出版社  2002
页数: 368页
开本: 21cm
丛书名:
单 册:
中图分类: J705.2
科图分类:
主题词: 舞蹈艺术--鉴赏--中国--1949~1999 , CT--S079816--舞蹈艺术
电子资源:
ISBN: 7-103-02378-6
000 01209nam0 2200349 450
000 01172nam0 2200337 450
000 01155nam0 2200337 450
000 01101nam0 2200313 450
000 01064nam0 2200301 450
000 01063nam0 2200313 450
000 01009nam0 2200289 450
000 01005nam0 2200277 450
000 00968nam0 2200265 45
005 20070803182339.35
010    @a7-103-02378-6@dCNY22.30
100    @a20060829d2002 em y0chiy0110 ea
101 0  @achi
102    @aCN@b110000
105    @aa z 000yy
200 1  @a中国舞蹈名作赏析@Azhong guo wu dao ming zuo shang xi@e1949~1999@f田静主编
210    @a北京@c人民音乐出版社@d2002
215    @a368页@c照片@d21cm
330    @a本书赏析《牧马舞》、《红绸舞》、《荷花舞》、《春江花月夜》、《红色娘子军》、《阿诗玛》等舞蹈名作。
510 1  @aChinese Dance Opus Appreciation@e1949~1999@zeng
606 0  @a舞蹈艺术@x鉴赏@y中国@z1949~1999
606 0  @2CT@3S079816@a舞蹈艺术
690    @aJ705.2@v4
701  0 @a田静@Atian jing@4主编
801  0 @aCN@b中图数据@c20070803
905    @a10447@dJ705.2@e71
    
    中国舞蹈名作赏析:1949~1999/田静主编.-北京:人民音乐出版社,2002
    368页:照片;21cm
    
    
    ISBN 7-103-02378-6:CNY22.30
    本书赏析《牧马舞》、《红绸舞》、《荷花舞》、《春江花月夜》、《红色娘子军》、《阿诗玛》等舞蹈名作。
●
相关链接 在E读中查询图书 在五车中查询图书 在当当中查询图书 在豆瓣中查询图书


正题名:中国舞蹈名作赏析     索取号:J705.2/71         预约/预借

序号 登录号 条形码 馆藏地/架位号 状态 备注
1 0610620   206106202   第一样本阅览室/ [索取号:J705.2/71] 在馆    
2 0610621   206106211   第一借阅区/ [索取号:J705.2/71] 在馆    
3 0610622   206106220   第一借阅区/ [索取号:J705.2/71] 在馆    
4 0805504   208055049   第一借阅区/ [索取号:J705.2/71] 在馆    
5 0805505   208055058   第一借阅区/ [索取号:J705.2/71] 在馆    
6 0805506   208055067   音乐系资料室/ [索取号:J705.2/71] 在馆    
7 0805507   208055076   密集书库-音乐系/ [索取号:J705.2/71] 在馆    
8 0805508   208055085   音乐系资料室/ [索取号:J705.2/71] 在馆    
欢迎您!
大连网信软件有限公司© 版权所有